00495nam a2200109Ia 4500008004100000050002500041100002800066245017000094260008600264300002000350521001500370140724s9999 xx 000 0 und d aBF 698.4b.Es81 2013 aEstillore, Catherine D. aPersonality types and emotional intelligence of selected college students of Southville International School and Colleges with OFW Parents /cCatherine D. Estillore. aLas Piñas, Philippines :bSouthville International School and Colleges,cc2013. a83 p. :c28 cm. aPsychology